Research Methods and Statistics in Psychology (Record no. 1969)

MARC details
000 -LEADER
fixed length control field 01100cam a22003137a 4500
001 - CONTROL NUMBER
control field 13119679
003 - CONTROL NUMBER IDENTIFIER
control field OSt
005 - DATE AND TIME OF LATEST TRANSACTION
control field 20191207115411.0
008 - FIXED-LENGTH DATA ELEMENTS--GENERAL INFORMATION
fixed length control field 980825s1999 enka b 001 0 eng
010 ## - LIBRARY OF CONGRESS CONTROL NUMBER
LC control number 2003428940
020 ## - INTERNATIONAL STANDARD BOOK NUMBER
International Standard Book Number 0340747609
035 ## - SYSTEM CONTROL NUMBER
System control number (OCoLC)ocm40752857
040 ## - CATALOGING SOURCE
Original cataloging agency UKM
Transcribing agency DLC
Modifying agency UKM
-- C#P
-- OCL
-- MUQ
-- DLC
050 00 - LIBRARY OF CONGRESS CALL NUMBER
Classification number BF76.5
Item number .C664 1999
082 04 - DEWEY DECIMAL CLASSIFICATION NUMBER
Classification number 158 COO 1999
Edition number 21
100 1# - MAIN ENTRY--PERSONAL NAME
Personal name Coolican, Hugh.
9 (RLIN) 5175
245 10 - TITLE STATEMENT
Title Research Methods and Statistics in Psychology
250 ## - EDITION STATEMENT
Edition statement 3rd ed.
260 ## - PUBLICATION, DISTRIBUTION, ETC. (IMPRINT)
Place of publication, distribution, etc. London;
Name of publisher, distributor, etc. Hodder & Stoughton,
Date of publication, distribution, etc. 1999.
300 ## - PHYSICAL DESCRIPTION
Extent xii, 591 p. :
Other physical details ill. ;
Dimensions 25 cm.
504 ## - BIBLIOGRAPHY, ETC. NOTE
Bibliography, etc Includes bibliographical references and index.
650 #0 - SUBJECT ADDED ENTRY--TOPICAL TERM
Topical term or geographic name as entry element Psychology
9 (RLIN) 5176
650 #0 - SUBJECT ADDED ENTRY--TOPICAL TERM
Topical term or geographic name as entry element Research methods
9 (RLIN) 5177
856 42 - ELECTRONIC LOCATION AND ACCESS
Materials specified Publisher description
Uniform Resource Identifier <a href="http://www.loc.gov/catdir/enhancements/fy0637/2003428940-d.html">http://www.loc.gov/catdir/enhancements/fy0637/2003428940-d.html</a>
856 41 - ELECTRONIC LOCATION AND ACCESS
Materials specified Table of contents only
Uniform Resource Identifier <a href="http://www.loc.gov/catdir/enhancements/fy0637/2003428940-t.html">http://www.loc.gov/catdir/enhancements/fy0637/2003428940-t.html</a>
906 ## - LOCAL DATA ELEMENT F, LDF (RLIN)
a 7
b cbc
c copycat
d 2
e ncip
f 20
g y-gencatlg
942 ## - ADDED ENTRY ELEMENTS (KOHA)
Source of classification or shelving scheme Other/Generic Classification Scheme
Koha item type Short Loan
Holdings
Withdrawn status Lost status Source of classification or shelving scheme Damaged status Not for loan Home library Current library Date acquired Source of acquisition Inventory number Total Checkouts Full call number Barcode Date last seen Koha item type
    Other/Generic Classification Scheme     MUST Main Library MUST Main Library 02/06/2015 Donation 03/20495   158 COO 1999 2015-1740 02/06/2015 Short Loan